banner-ar

نظرية الادب (هدية من الاديب عبدالفتاح الجمل) / (Record no. 47389)

MARC details
000 -الفاتح
حقل البيانات ثابتة الطول 00754nam a2200217Ia 4500
008 - عناصر البيانات ثابتة الطول - معلومات عامة
حقل البيانات ثابتة الطول 140319s9999 xx 000 0 ara d
040 ## - مصدر الفهرسة
وكالة الفهرسة الأصلية GCL /
وكالة النسخ GCL
082 04 - رقم تصنيف ديوى العشرى
رقم التصنيف 801.3
رقم المادة ع ن
100 1# - المدخل الرئيسى - إسم شخصى
الإسم الشخصى عدد من الباحثين السوفييت
245 10 - بيان العنوان
العنوان نظرية الادب (هدية من الاديب عبدالفتاح الجمل) /
بيان المسئوليه,etc عدد من الباحثين السوفييت
700 1# - المدخل الاضافى - اسم شخصى
الإسم الشخصى المتخصصين بنظرية الادب
300 ## - الوصف المادى
التعداد 857 ص
490 ## - بيان السلسلة
عنوان السلسلة سلسلة الكتب المترجمة
رقم المجلد/ التعيين التسلسلي 0
650 04 - المدخل الاضافى بالموضوع-مصطلح موضوعى
مصطلح موضوعي الادب
650 04 - المدخل الاضافى بالموضوع-مصطلح موضوعى
مصطلح موضوعي الادب الروسى
650 04 - المدخل الاضافى بالموضوع-مصطلح موضوعى
مصطلح موضوعي الادب - تاريخ ونقد
650 04 - المدخل الاضافى بالموضوع-مصطلح موضوعى
مصطلح موضوعي الادب المقارن
650 04 - المدخل الاضافى بالموضوع-مصطلح موضوعى
مصطلح موضوعي الادب العالمى
942 ## - عناصر المدخل الإضافي( كوها)
مصدر التصنيف او مخطط الترفيف Dewey Decimal Classification
Koha [default] item type كتاب
Holdings
حالة التراجع حالة الفقد حالة تلف ليس للاعارة المكان المؤقت الموقع الحالى تاريخ الاكتساب اجمالي اﻻعارات رقم الطلب الباركود تاريخ اخر مشاهدة تاريخ تفعيل السعر نوع وعاء كوها
        مكتبة القاهرة الكبرى مكتبة القاهرة الكبرى 03/26/2014   801.3\ ع ن 114568 03/26/2014 03/26/2014 كتاب

Powered By

EGPV